=LDR 00000nam 2200000 4500 =001 INLIS000000000006378 =005 20220610012641 =035 ##$$a 0010-0622000239 =245 1#$$a Fuel Cell Vehicles to Hit Major Roads /$c TETSUO HIRAYAMA =100 1#$$a HIRAYAMA, Tetsuo =250 ##$$a Edisi Vol. 19, Serial No. 208 January 2014 =300 ##$$a 58 halaman : $b Tabel, Gambar ; $c 21x28 cm =260 ##$:$b Dempa Asia Electronics Industry,$c 2014 =082 ##$$a 050.37 =084 ##$$a 050.37 HIR f =500 ##$$a Special Report : Devices Race on for Future Cars New Breed Of Cutting-Edge Part Rise up =990 ##$$a 23/MJ-16